Capitales se terminant par la lettre N - Statistiques

Statistiques générales
  • Ce quiz a été pris 388 fois
  • Le résultat moyen est 14 sur 21
Statistiques - réponses
Réponse % Correct
Berlin
87%
Washington
85%
Dublin
83%
Tallinn
78%
Wellington
78%
Pékin
77%
Asuncion
72%
Kingston
71%
Kingstown
71%
Vatican
67%
Georgetown
63%
Saint-Marin
63%
Téhéran
63%
Erevan
59%
Belmopan
57%
Amman
54%
Freetown
53%
Bridgetown
51%
Yaren
50%
Bandar Seri Begawan
41%
Bloemfontein
28%
Aucun quiz correspondant
Distribution des résultats
% des personnes avec chaque résultat
Percentile par nombre de réponses
Votre historique - résultats
Vous n’avez pas pris ce quiz